000 01021cam a2200325Ia 4500
001 8755837
005 20170105102852.0
008 101214s2011 enka b 001 0 eng d
020 _a1849041288 (pbk.)
020 _a9781849041287 (pbk.)
024 _a60001355717
035 _a(OCoLC)ocn723062498
035 _a(OCoLC)723062498
035 _a(NNC)8755837
040 _aNLE
_cNLE
_dCDX
_dUAT
_dNhCcYBP
050 4 _aDS70.8.A1
_bH325 2011
082 0 4 _a956.70443
_222
100 1 _aHaddad, Fanar.
245 1 0 _aSectarianism in Iraq :
_bantagonistic visions of unity /
_cFanar Haddad.
260 _aLondon :
_bHurst & Company,
_c2011.
300 _aix, 296 p. :
_bill. ;
_c22 cm.
504 _aIncludes bibliographical references (p. 273-285) and index.
650 0 _aEthnicity
_zIraq.
651 0 _aIraq
_xEthnic relations.
651 0 _aIraq
_xPolitics and government
_y20th century.
651 0 _aIraq
_xPolitics and government
_y2003-
942 _2ddc
_cBK
948 1 _a20110713
_bc
_cdc21
_dMPS
999 _c14337
_d14337